| 000 | 00392nam a22001457a 4500 | ||
|---|---|---|---|
| 005 | 20251108170726.0 | ||
| 008 | 250721s1959 xx 000 0 eng d | ||
| 082 | 1 | 4 | _a918.1/f |
| 100 | 1 | _afaust, augustus f. | |
| 245 | 1 | 0 |
_abrazil : _beducation in an expauding economy / |
| 264 | 1 |
_awashinghton : _bu.s. government office, _c1959. |
|
| 650 | 1 | 7 | _abrazil |
| 942 |
_2ddc _cBK |
||
| 999 |
_c47547 _d47547 |
||